Strzelcy bramek w 15 kolejce Bundesligi w sezonie 2020/21. - Statystyki

Ogólne statystyki
  • Ten quiz został rozwiązany 9 razy
  • Średni wynik to 6 z 32
Statystyki odpowiedzi
Mecz Piłkarz % Poprawnych
Monchengladbach - Bayern 0:1 Lewandowski
100%
RB Lipsk - Dortmund 0:2 Haaland
56%
RB Lipsk - Dortmund 0:3 Haaland
56%
Monchengladbach - Bayern 0:2 Goretzka
33%
RB Lipsk - Dortmund 0:1 Sancho
33%
Leverkusen - Werder Brema 1:1 Schick
33%
Union Berlin - Wolfsburg 2:2 Weghorst
33%
Monchengladbach - Bayern 1:2 Hofmann
22%
Monchengladbach - Bayern 2:2 Hofmann
22%
Mainz - Frankfurt 0:1 Silva
22%
Mainz - Frankfurt 0:2 Silva
22%
Augsburg - Stuttgart 0:2 Wamangituka
22%
Augsburg - Stuttgart 1:3 Castro
11%
Augsburg - Stuttgart 1:4 Didavi
11%
Schalke - Hoffenheim 4:0 Harit
11%
Schalke - Hoffenheim 1:0 Hoppe
11%
Schalke - Hoffenheim 2:0 Hoppe
11%
Schalke - Hoffenheim 3:0 Hoppe
11%
Freiburg - Koln 3:0 Sallai
11%
RB Lipsk - Dortmund 1:3 Sorloth
11%
Leverkusen - Werder Brema 0:1 Toprak
11%
Union Berlin - Wolfsburg 2:1 Andrich
0%
Union Berlin - Wolfsburg 1:1 Becker
0%
Freiburg - Koln 1:0 Demirovic
0%
Augsburg - Stuttgart 0:1 Gonzalez
0%
Freiburg - Koln 2:0 Hofler
0%
Freiburg - Koln 5:0 Holer
0%
Freiburg - Koln 4:0 Lienhart
0%
Monchengladbach - Bayern 3:2 Neuhaus
0%
Augsburg - Stuttgart 1:2 Richter
0%
Union Berlin - Wolfsburg 0:1 Steffen
0%
Bielefeld - Hertha 1:0 Yabo
0%
Nie znaleziono quizów pasujących do podanych kryteriów
Rozkład punktacji
Procent ludzi z każdym wynikiem
Percentyl według liczby udzielonych odpowiedzi
Twoja historia wyników
Nie rozwiązałeś tego quizu